01451nam a2200241Ia 4500952011000000999001700110008004100127020001800168050002300186100003700209245016900246250001900415260003200434300003100466500003900497500008300536500005700619505038000676519004401056650006401100650003801164942000701202 00104070a04b04d2008-07-15l2oKGF1370 L85 2007p04 001004r2015-11-06s2015-10-15t1w2012-06-24yLB c62108d62108120625s2007 mx rl 001 0 spa d a9789708111508 4aKGF1370b L85 20071 aLuna Guerra, Antonio e , autor 10aRégimen legal y fiscal de las sociedades coperativas 2008 b : Estudio práctico del régimen legal y los aspectos fiscales relevantes c / Antonio Luna Guerra  a6a. edición  aMéxicob : ISEFc , 2007  a211 páginas c ; 21 cm.  aPrimera edición Febrero de 2002  a"Contiene información publicada en el D.O.F hasta el 5 de diciembre de 2007" aEn portada: Incluye Aplicación del IETU y del IDE 0 aDisposiciones generales aplicables a las sociedades cooperativas Constitución y registro Distintas clases y categorias de sociedades cooperativas Del funcionamiento y administración Régimen económico De los socios Disolución, liquidación y fusión Organismos e instituciones de asistencia técnica al movimiento cooperativo nacional Otras disposiciones  aMaterial Complementario / d(04 001004) 4aSOCIEDADES COOPERATIVAS vLEYES Y LEGISLACIÓN zMÉXICO  4aDERECHO DE SOCIEDADES zMÉXICO  cLB